| 000 | 00537nam a2200181Ia 4500 | ||
|---|---|---|---|
| 008 | 090630s9999 xx 000 0 und d | ||
| 082 | _b22397 | ||
| 100 | _aराजे शैलजा. | ||
| 245 |
_aरिंगण. _cराजे शैलजा. |
||
| 260 |
_bमनोरमा - मुंबई. _c2003 |
||
| 300 | _a148 | ||
| 600 | _aराजे शैलजा. | ||
| 630 | _aरिंगण. | ||
| 655 | _aलघुकथा. | ||
| 700 | _aराजे शैलजा. | ||
| 730 | _aरिंगण. | ||
| 942 | _cBOOK | ||
| 999 |
_c274253 _d274253 |
||